000 00678nam a22002057a 4500
003 OSt
005 20251220154412.0
008 251220b |||||||| |||| 00| 0 eng d
040 _cDCL
041 _aEnglish
082 _a959.1
100 0 _aMaung Maung,
_cU,
_d1925-1994
245 1 0 _aBurma in the Family of Nations /
_cDr. Maung Maung., by J. H. W. Verzij. Foreword by Chan Tun Aung.
260 _aAmsterdam :
_bInternational Educational Publishing,
_c1956.
300 _axi, 236 pages :
_bmap ;
_c20 cm.
504 _aIncludes bibliographical notes and index.
651 _aMyanmar
_vHistory
700 0 _aChan Tun Aung
_eForeword
942 _2ddc
_cSHORT TERM
_n0
999 _c2761
_d2761